Statistics for World Leaders of History

Click here to take the quiz!

General Stats

  • This quiz has been taken 11 times
  • The average score is 64 of 165

Answer Stats

Hint Answer % Correct
U.S.A. President 1789-1797George Washington
100%
U.S.A. President 2009-2017Barack Obama
100%
U.S.A. President 1945-1953Harry S. Truman
100%
U.S.A. President 1969-1974Richard Nixon
100%
U.S.A. President 1981-1989Ronald Reagan
100%
U.S.A. President 1861-1865Abraham Lincoln
100%
U.S.A. President 1989-1993George H. W. Bush
100%
U.S.A. President 1993-2001Bill Clinton
100%
U.S.A. President 1901-1909Theodore Roosevelt
100%
U.S.A. President 2001-2009George W. Bush
100%
U.S.A. President 2017-presentDonald Trump
100%
USSR Leader 1924-1953Joseph Stalin
100%
USSR Leader 1922-1924Vladimir Lenin
100%
Chinese President 1983-1988Li Xiannian
100%
U.K. Prime Minister 1951-1955Sir Winston Churchill
100%
U.K. Prime Minister 1940-1945Winston Churchill
100%
U.S.A. President 1801-1809Thomas Jefferson
100%
USSR Leader 1985-1991Mikhail Gorbachev
90%
U.K. Prime Minister 1979-1990Margaret Thatcher
90%
U.S.A. President 1974-1977Gerald Ford
90%
U.S.A. President 1797-1801John Adams
90%
U.S.A. President 1961-1963John F. Kennedy
90%
U.S.A. President 1953-1961Dwight D. Eisenhower
90%
U.S.A. President 1929-1933Herbert Hoover
90%
U.S.A. President 1963-1969Lyndon B. Johnson
90%
U.S.A. President 1825-1829John Quincy Adams
90%
U.S.A. President 1865-1869Andrew Johnson
90%
U.S.A. President 1829-1837Andrew Jackson
90%
U.S.A. President 1885-1889Grover Cleveland
90%
U.S.A. President 1809-1817James Madison
90%
U.K. Prime Minister 2016-presentTheresa May
80%
Chinese President 1975-1976Zhu De
80%
U.K. Prime Minister 1964-1970Harold Wilson
80%
U.S.A. President 1837-1841Martin Van Buren
80%
U.S.A. President 1913-1921Woodrow Wilson
80%
U.S.A. President 1845-1849James K. Polk
80%
U.S.A. President 1909-1913William Howard Taft
80%
U.S.A. President 1977-1981Jimmy Carter
80%
U.S.A. President 1921-1923Warren G. Harding
80%
U.S.A. President 1923-1929Calvin Coolidge
80%
U.S.A. President 1897-1901William McKinley
80%
U.S.A. President 1869-1877Ulysses S. Grant
70%
Chinese President 1949-1959Mao Zedong
70%
U.S.A. President 1817-1825James Monroe
70%
USSR Leader 1955-1964Nikita Khrushchev
70%
USSR Leader 1964-1982Leonid Brezhnev
70%
U.S.A. President 1841-1845John Tyler
70%
French President 1959-1969Charles de Gaulle
70%
U.S.A. President 1881-1881James Garfield
70%
U.K. Prime Minister 1997-2007Tony Blair
70%
U.S.A. President 1850-1853Millard Fillmore
70%
U.S.A. President 1857-1861James Buchanan
70%
U.S.A. President 1849-1850Zachary Taylor
70%
U.S.A. President 1881-1885Chester A. Arthur
60%
U.S.A. President 1841-1841William Henry Harrison
60%
U.S.A. President 1889-1893Benjamin Harrison
60%
U.S.A. President 1877-1881Rutherford B. Hayes
60%
U.S.A. President 1933-1945Franklin Delano Roosevelt
60%
U.S.A. President 1853-1857Franklin Pierce
60%
USSR Leader 1982-1984Yuri Andropov
50%
U.K. Prime Minister 2007-2010Gordon Brown
50%
Chinese President 2013-presentXi Jinping
50%
U.K. Prime Minister 1990-1997John Major
40%
U.K. Prime Minister 2010-2016David Cameron
40%
Chinese President 1978-1983Ye Jianying
40%
French President 2007-2012Nicolas Sarkozy
40%
U.K. Prime Minister 1937-1940Neville Chamberlain
40%
U.K. Prime Minister 1868-1874William Ewart Gladstone
40%
U.K. Prime Minister 1868-1868Benjamin Disraeli
40%
French President 2017-presentEmmanuel Macron
40%
U.K. Prime Minister 1721-1742Robert Walpole
30%
U.K. Prime Minister 1828-1830Arthur Wellesley
30%
French President 1969-1974Georges Pompidou
30%
French President 1848-1852Louis-Napoléon Bonaparte
30%
U.K. Prime Minister 1908-1916Herbert Henry Asquith
30%
U.K. Prime Minister 1916-1922David Lloyd George
30%
U.K. Prime Minister 1852-1855George Hamilton-Gordon
20%
USSR Leader 1953-1955Georgy Malenkov
20%
U.K. Prime Minister 1957-1963Harold Macmillan
20%
U.K. Prime Minister 1945-1951Clement Attlee
20%
Chinese President 1976-1978Soong Ching-ling
20%
USSR Leader 1984-1985Konstantin Chernenko
20%
U.K. Prime Minister 1970-1974Edward Heath
20%
U.K. Prime Minister 1743-1754Henry Pelham
20%
French President 1995-2007Jacques Chirac
20%
French President 2012-2017François Hollande
20%
U.K. Prime Minister 1766-1768William Pitt
10%
U.K. Prime Minister 1770-1782Frederick North
10%
French President 1899-1906Émile Loubet
10%
Chinese President 1968-1975Dong Biwu
10%
Chinese President 1959-1968Liu Shaoqi
10%
U.K. Prime Minister 1809-1812Spencer Perceval
10%
U.K. Prime Minister 1865-1866John Russell
10%
U.K. Prime Minister 1976-1979James Callaghan
10%
U.K. Prime Minister 1955-1957Sir Anthony Eden
10%
U.K. Prime Minister 1846-1852Lord John Russell
10%
U.K. Prime Minister 1834-1835Sir Robert Peel
10%
U.K. Prime Minister 1902-1905Arthur Balfour
10%
U.K. Prime Minister 1923-1924Stanley Baldwin
10%
U.K. Prime Minister 1924-1924Ramsay MacDonald
10%
U.K. Prime Minister 1830-1834Charles Grey
10%
U.K. Prime Minister 1905-1908Sir Henry Campbell-Bannerman
10%
U.K. Prime Minister 1963-1964Sir Alec Douglas-Home
10%
French President 1932-1940Albert Lebrun
0%
U.K. Prime Minister 1894-1895Archibald Primrose
0%
French President 1906-1913Armand Fallières
0%
French President 1913-1920Raymond Poincaré
0%
French President 1920-1920Paul Deschanel
0%
French President 1920-1924Alexandre Millerand
0%
French President 1924-1931Gaston Doumergue
0%
French President 1931-1932Paul Doumer
0%
French President 1947-1954Vincent Auriol
0%
French President 1894-1895Jean Casimir-Perier
0%
French President 1954-1959René Coty
0%
U.K. Prime Minister 1742-1743Spencer Compton
0%
U.K. Prime Minister 1885-1886Robert Gascoyne-Cecil
0%
French President 1974-1981Valéry Giscard d'Estaing
0%
French President 1981-1995François Mitterrand
0%
U.K. Prime Minister 1827-1828Frederick John Robinson
0%
U.K. Prime Minister 1812-1827Robert Jenkinson
0%
U.K. Prime Minister 1852-1852Edward Smith-Stanley
0%
French President 1895-1899Félix Faure
0%
French President 1887-1894François Sadi Carnot
0%
U.K. Prime Minister 1782-1783William Petty
0%
U.K. Prime Minister 1763-1765George Grenville
0%
U.K. Prime Minister 1783-1783William Cavendish-Bentinck
0%
U.K. Prime Minister 1834-1834William Lamb
0%
U.K. Prime Minister 1768-1770Augustus FitzRoy
0%
U.K. Prime Minister 1855-1858Henry John Temple
0%
Chinese President 1993-2003Jiang Zemin
0%
Chinese President 2003-2013Hu Jintao
0%
U.K. Prime Minister 1783-1801William Pitt the Younger
0%
U.K. Prime Minister 1765-1766Charles Watson-Wentworth
0%
U.K. Prime Minister 1801-1804Henry Addington
0%
French President 1879-1887Jules Grévy
0%
U.K. Prime Minister 1762-1763John Stuart
0%
U.K. Prime Minister 1756-1757William Cavendish
0%
U.K. Prime Minister 1754-1756Thomas Pelham-Holles
0%
U.K. Prime Minister 1922-1923Bonar Law
0%
U.K. Prime Minister 1827-1827George Canning
0%
U.K. Prime Minister 1806-1807William Grenville
0%
French President 1871-1873Adolphe Thiers
0%
French President 1873-1879Patrice de MacMahon
0%
Chinese President 1988-1993Yang Shangkun
0%

Score Distribution

Percentile by Number Answered

Percent of People with Each Score

Your Score History

You have not taken this quiz